Las comunidades negras : nuevos espacios para la democracia participativa (Registro nro. 127260)

Detalles MARC
001 - NÚMERO DE CONTROL
campo de control 493595
005 - FECHA Y HORA DE LA ÚLTIMA TRANSACCIÓN
campo de control 20260506083139.0
008 - DATOS DE LONGITUD FIJA--INFORMACIÓN GENERAL
campo de control de longitud fija 990805s1998 spa
035 ## - NÚMERO DE CONTROL DEL SISTEMA
Número de control de sistema 493595
035 ## - NÚMERO DE CONTROL DEL SISTEMA
Número de control de sistema (OCoLC)318359434
040 ## - FUENTE DE LA CATALOGACIÓN
Centro/agencia transcriptor comduadb
041 ## - CÓDIGO DE LENGUA
Código de lengua del texto/banda sonora o título independiente spa
082 #4 - NÚMERO DE LA CLASIFICACIÓN DECIMAL DEWEY
Número de clasificación 305
110 20 - ENTRADA PRINCIPAL--NOMBRE DE ENTIDAD CORPORATIVA
Nombre de entidad corporativa o nombre de jurisdicción como elemento de entrada Colombia. Ministerio del Interior y de Justicia
Código de función aut
Término indicativo de función/relación Autor/a
9 (RLIN) 825213
245 14 - MENCIÓN DE TÍTULO
Título Las comunidades negras : nuevos espacios para la democracia participativa
250 ## - MENCIÓN DE EDICIÓN
Mención de edición 1. edición
260 ## - PUBLICACIÓN, DISTRIBUCIÓN, ETC.
Lugar de publicación, distribución, etc. Bogotá :
Nombre del editor, distribuidor, etc. Isa,
Fecha de publicación, distribución, etc. 1998.
300 ## - DESCRIPCIÓN FÍSICA
Extensión 67 páginas :
Otras características físicas ilustraciones
500 ## - NOTA GENERAL
Nota general CONTENIDO : 1: Derechos como grupo étnico consignados en la Constitución Política de Colombia. -- 2: Ley para las comunidades negras, Ley 70 de 1993. -- 3: Registro de organizaciones de base de las comunidades negras, Decreto 2248 de 1995. -- 4: Mecanismos de participación ciudadana, Ley 134 de 1994. -- 5: Participación comunitaria en procesos ambientales, Ley 99 de 1998.
650 #7 - PUNTO DE ACCESO ADICIONAL DE MATERIA--TÉRMINO DE MATERIA
Término de materia o nombre geográfico como elemento de entrada Personas negras
Fuente del encabezamiento o término embne
9 (RLIN) 2133
650 #7 - PUNTO DE ACCESO ADICIONAL DE MATERIA--TÉRMINO DE MATERIA
Término de materia o nombre geográfico como elemento de entrada Legislación
Fuente del encabezamiento o término embne
9 (RLIN) 5210
650 ## - PUNTO DE ACCESO ADICIONAL DE MATERIA--TÉRMINO DE MATERIA
Término de materia o nombre geográfico como elemento de entrada Decreto 2248 de 1995
9 (RLIN) 29695
650 ## - PUNTO DE ACCESO ADICIONAL DE MATERIA--TÉRMINO DE MATERIA
Término de materia o nombre geográfico como elemento de entrada Ley 70 de 1993
9 (RLIN) 58114
650 ## - PUNTO DE ACCESO ADICIONAL DE MATERIA--TÉRMINO DE MATERIA
Término de materia o nombre geográfico como elemento de entrada Ley 134 de 1994
9 (RLIN) 23307
650 ## - PUNTO DE ACCESO ADICIONAL DE MATERIA--TÉRMINO DE MATERIA
Término de materia o nombre geográfico como elemento de entrada Ley 99 de 1993
9 (RLIN) 49345
650 #7 - PUNTO DE ACCESO ADICIONAL DE MATERIA--TÉRMINO DE MATERIA
Término de materia o nombre geográfico como elemento de entrada Participación comunitaria
Fuente del encabezamiento o término lemb
9 (RLIN) 574
650 #7 - PUNTO DE ACCESO ADICIONAL DE MATERIA--TÉRMINO DE MATERIA
Término de materia o nombre geográfico como elemento de entrada Grupos étnicos
Fuente del encabezamiento o término lemb
9 (RLIN) 36844
651 #7 - PUNTO DE ACCESO ADICIONAL DE MATERIA--NOMBRE GEOGRÁFICO
Nombre geográfico Colombia
Fuente del encabezamiento o término embne
9 (RLIN) 870547
942 ## - ELEMENTOS DE ENTRADA AGREGADA (KOHA)
Tipo de ítem Koha Libros
Existencias
Estado de retiro Estado de pérdida Estado dañado No para préstamo Código de colección Localización permanente Ubicación/localización actual Fecha de adquisición Fuente de adquisición Número de inventario Total de préstamos Signatura topográfica completa Código de barras Fecha visto por última vez Número de copia Precio válido a partir de Tipo de ítem Koha Fuente del sistema de clasificación o colocación Forma de adquisición Coste, precio normal de compra
        Colección General Biblioteca Campus Caucasia Biblioteca Campus Caucasia 02/11/2011   C1129889   305.8 C718 0739824 22/04/2023 3 22/04/2023 Libros      
        Colección General Biblioteca Campus El Carmen de Viboral Biblioteca Campus El Carmen de Viboral 18/06/2009 Material adquirido por donación C1052979   305.8 C718 0691864 22/04/2023 2 22/04/2023 Libros Clasificación Decimal Dewey Donación 8000.00
        Colección General Biblioteca Campus Puerto Berrío Biblioteca Campus Puerto Berrío 16/04/2013   C1172392   305.8 C718 84232 22/04/2023 4 22/04/2023 Libros      
        Colección General Piso 2 Biblioteca Carlos Gaviria Díaz, Campus Medellín Biblioteca Carlos Gaviria Díaz, Campus Medellín 05/08/1999 Material adquirido por canje C555433   305.8 C718c 6-10000003349085 22/04/2023 1 22/04/2023 Libros